Đôi nét về đặc điểm phát triển các yếu tố tiến bộ khoa học kỹ thuật nông nghiệp ở miền núi : Qua thí dụ ở Lộc Bình - Lạng Sơn /
Tallennettuna:
| Päätekijä: | |
|---|---|
| Aineistotyyppi: | Artikkeli |
| Kieli: | Vietnamese |
| Aiheet: | |
| Tagit: |
Lisää tagi
Ei tageja, Lisää ensimmäinen tagi!
|
| Thư viện lưu trữ: | Thư viện Trường Đại học Đà Lạt |
|---|
| LEADER | 00984nam a2200301 4500 | ||
|---|---|---|---|
| 001 | DLU090066438 | ||
| 005 | ##20090420 | ||
| 040 | # | # | |a DLU |b vie |
| 041 | # | # | |a vie |
| 044 | # | # | |a vn |
| 100 | # | # | |a Trần Văn Hà. |
| 245 | # | # | |a Đôi nét về đặc điểm phát triển các yếu tố tiến bộ khoa học kỹ thuật nông nghiệp ở miền núi : |b Qua thí dụ ở Lộc Bình - Lạng Sơn / |c Trần Văn Hà. |
| 653 | # | # | |a Dân tộc thiểu số |
| 653 | # | # | |a Khoa học ứng dụng |
| 653 | # | # | |a Khoa học kỹ thuật |
| 653 | # | # | |a Kinh tế nông nghiệp |
| 653 | # | # | |a Miền núi |
| 653 | # | # | |a Nông nghiệp |
| 773 | # | # | |t Dân tộc học |g Số 1(61), 1989, tr. 53-62 |
| 920 | # | # | |a Phòng Tạp chí -- Trung tâm Thông tin - Thư viện Trường Đại học Đà Lạt |
| 994 | # | # | |a DLU |
| 900 | # | # | |a True |
| 911 | # | # | |a Đào Thị Thu Huyền |
| 925 | # | # | |a G |
| 926 | # | # | |a A |
| 927 | # | # | |a BB |
| 980 | # | # | |a Thư viện Trường Đại học Đà Lạt |